[Event "Clichy"]
[Site "Clichy"]
[Date "2001.06.27"]
[Round "3"]
[White "Tregubov, Pavel V"]
[Black "Hebden, Mark"]
[Result "1-0"]
[WhiteElo "2628"]
[BlackElo "2560"]
[Annotator "Hazai,L"]
[PlyCount "84"]
[EventDate "2001.06.25"]
[EventType "tourn"]
[EventRounds "9"]
[EventCountry "FRA"]
[EventCategory "14"]
[SourceTitle "CBM 085"]
[Source "ChessBase"]
[SourceDate "2001.11.13"]
[SourceVersion "1"]
[SourceVersionDate "2001.11.13"]
[SourceQuality "1"]

1. d4 {Hecht} Nf6 2. c4 g6 3. Nc3 Bg7 4. e4 d6 5. Nge2 a6 {Black wants to play
a quick c6, b5 plan without castling early.} 6. Ng3 c6 7. Be2 (7. a4 {is the
radical method against b7-b5, but this weakens the dark squares of the <<.} a5
$1 {/\ Na6} 8. Be2 O-O {- 7.Be2}) 7... O-O (7... b5 $5 {immediately is the
consistant reply.} 8. O-O O-O {- 7...0-0} (8... e5 $6 {This is too early,
White can exploit the fact that Black hasn't castled yet.} 9. dxe5 dxe5 10.
Qxd8+ Kxd8 11. f4 Nbd7 12. fxe5 Nxe5 13. cxb5 axb5 14. Bg5 b4 (14... Ke7 {
founders on} 15. Bxb5 $1 $18) 15. Rxf6 Kc7 16. Nd1 h6 17. Bh4 g5 18. Nh5 Bxf6
19. Bg3 $1 Ra5 20. Nxf6 $18 {Serper-Djurhuus, Gausdal 1991}) (8... h5 {is
against >< e4.} 9. e5 (9. Re1 {looks too sophysticated.} h4 $5 {winning >< e4
was possible.} (9... Nbd7 10. a3 {against b5-b4} O-O 11. Bg5 Nh7 12. Be3 Rb8 (
12... e5 13. d5 $16 {ruining Black's <<.}) 13. Qd2 e5 14. d5 Nc5 $6 15. dxc6 $1
{White sacrifices the exchange, but devastates Black's <<.} Nb3 16. Qc2 Nxa1
17. Rxa1 bxc4 18. Nd5 Qe8 19. Bxc4 Be6 20. c7 $16 {Gurevich-Van Wely, Taastrup
1992}) 10. Nf1 b4 11. Na4 Nxe4 12. Bf3 Nf6) (9. a3 $5) 9... dxe5 10. dxe5 Qxd1
11. Rxd1 Ng4 12. f4 g5 {Black has to fight against the stronghold on e5,
otherwise he will be pushed to the wall.} 13. h3 gxf4 14. Bxf4 (14. Nxh5 Rxh5
15. Bxf4 Rf5 $1) 14... Bxe5 15. Nxh5 Bxf4 16. Nxf4 Ne3 17. Rdc1 Nxc4 (17... Rh4
$5 18. g3 Rh6 {provoking some weaknesses was interesting.} 19. h4 e5 20. Nd3
Nxc4 21. b3 Ne3 22. Nxe5 Ra7) 18. Bxc4 bxc4 19. Na4 {Now White's P structure
is clearly better.} Nd7 20. Rxc4 $14 {Novikov-Van Wely, Helsinki 1992}) (8...
bxc4 9. Bxc4 d5 10. Bb3 dxe4 11. Ngxe4 {Black's weak pawns on the << are more
vulnerable than >< d4.} Nd5 12. Qf3 O-O 13. Bg5 {>< c5} Ra7 14. Rad1 h6 15. Bc1
e6 16. Rfe1 a5 17. Nc5 Na6 18. Nxa6 Bxa6 19. Ne4 $14 {and the other N is also
striving for >< c5, Novikov-Kruppa, Russia 1991.}) (8... Nbd7)) (7... Nbd7 8.
Be3 h5 9. f3 $1 {Strengthening the vital e4 square.} b5 10. c5 {Now White gets
space advantage on the <<.} dxc5 11. dxc5 Qc7 12. O-O h4 13. Nh1 Nh5 14. Qd2 e5
15. Nf2 Nf4 (15... Nf8 $6 {/\ Ne6 fighting for the dark squares looks logical,
but forgets about the K in the middle.} 16. a4 b4 17. Nd5 $1 {This is a very
nice positional piece sacrifice in order to create strong connected passed
pawns in the [+].} cxd5 18. exd5 f5 19. d6 $1 Qc6 20. Bb5 $3 {This is the
point!} axb5 21. axb5 Qxb5 22. Rxa8 $16 {Serper-Nikolaidis, St.Petersburg 1993
59/620}) 16. Nd3 Bh6 17. a4 $14 {with |^ on the <<.}) (7... h5 $5) 8. O-O (8.
a4 a5 9. O-O (9. h4 {/\ h5 is the typical plan in the Jeney system.} e5 10. d5
Na6 {Black is not afraid of h4-h5, he wants to exploit the weaknesses of the
dark squares on the <<.} (10... h5 11. Bg5 {Bxh5 is sometimes the threat!} Qb6
12. Ra3 Nbd7 13. Qc2 Nc5 14. Be3 Bd7 15. Nf1 {The N is badly placed on g3.}
Rac8 16. Nd2 Qb4 17. Na2 Qb6 18. Nc3 Qd8 (18... Qb4 $11) 19. Qb1 Kh7 {/\ Bh6
in case.} 20. b4 axb4 21. Qxb4 $11 {Ionov-Bologan, Russia 1991}) 11. Bg5 (11.
h5 Nc5 $13) 11... Nc5 12. Qc2 Qb6 13. Ra3 Bd7 14. h5 cxd5 15. Bxf6 {giving up
the dark-squared B is usually favourable for Black.} Bxf6 16. Nxd5 Qd8 17. Nf1
Ne6 $11 {1/2:1/2 Forintos-Hazai, Hungary 1992}) 9... e5 10. d5 (10. Be3 {
White wants to keep the tension in the [+].} Na6 11. Qd2 Ng4 12. Bxg4 Bxg4 13.
f3 exd4 14. Bxd4 Be6 {White's << is seriously weakened.} 15. Rad1 Nc5 16. Bxg7
Kxg7 17. Kh1 f6 18. Qf4 Bxc4 19. Rxd6 Qe7 20. Rfd1 Rad8 $11 {Gulko-Benjamin,
Los Angeles 1991}) 10... Na6 11. Be3 Nc5 12. Re1 h5 13. f3 h4 14. Nh1 Nh5 15.
Nf2 Bf6 $1 {Black wants to exchange his " bad" B in order to maintain the
pressure on the dark squares.} (15... Nf4 $6 16. Bf1 cxd5 17. cxd5 b6 18. Kh1
$16 {Verdikhanov-Kruppa, Nikolaev 1993 58/618}) 16. Nd3 Nxd3 17. Qxd3 Bg5 $1
18. Bf1 Bxe3+ 19. Qxe3 $13 {Verdikhanov}) (8. f4 b5 (8... e5 9. fxe5 $5 (9. a4
{doesn't look logical at all.} a5 10. dxe5 dxe5 11. Qxd8 Rxd8 12. f5 Na6 13.
O-O Nd7 {Black has ample play on the weakened dark squares.} 14. Be3 Ndc5 15.
Rad1 Bd7 16. Nb5 Bf8 17. Bg5 cxb5 18. cxb5 Nb4 19. Bxd8 Rxd8 20. fxg6 fxg6 $15
{Flear-Gallagher, Brocco 1991}) 9... dxe5 10. d5) 9. e5 {On the flank -> the
usual reply is a blow in the [+].} (9. O-O e5 10. fxe5 dxe5 11. d5 cxd5 12.
Nxd5 Nxd5 13. Qxd5 Qb6+ 14. c5 Qc6 15. a4 Be6 16. axb5 axb5 17. Qxc6 Nxc6 18.
Rxa8 Rxa8 19. Bxb5 Nd4 20. Bd3 Rb8 $11 {Remlinger-Hebden, Gausdal 1992}) 9...
Nfd7 10. Be3 bxc4 11. Bxc4 d5 12. Bd3 e6 13. h4 {Having a huge space advantage
White has to attack.} f5 14. exf6 Qxf6 15. h5 $14 {Novikov-Kozul, Tbilisi 1988}
) (8. h4 $5 e5 (8... b5 $5) 9. d5 b5 10. h5 (10. dxc6 bxc4 11. Bxc4 Nxc6 $13 {
Ermenkov}) 10... cxd5 11. cxd5 Nbd7 12. Be3 {White's real chances lie on the
<<.} Nb6 13. b3 $14 {Ermenkov-Topalov, Sumen 1991 53/(578)}) (8. Bg5 {is not
very useful in this position.} b5 9. cxb5 axb5 10. a3 Bb7 11. O-O Nbd7 {
Black has a flexible defensive position.} 12. Qd2 Qb6 13. b4 Qd8 14. f4 h6 15.
Bh4 Nb6 16. Kh1 Bc8 17. Bd3 e5 18. Qc2 exd4 19. Nce2 Nc4 20. Bxc4 bxc4 21. Nxd4
Qb6 $11 {Topalov-Spasov, Burgas 1992}) 8... b5 (8... e5 9. d5 cxd5 10. cxd5 b5
{This creates only additional weakness on the <<.} (10... Nbd7 $5) 11. b4 $5 {
Fixing the target on b5.} Nbd7 12. a4 $1 (12. Be3 {Serper}) 12... bxa4 13. Qxa4
{><a6} Bb7 14. Be3 h5 $5 15. Bg5 $1 Kh7 $1 {/\ Bh6 exchanging the passive B.}
16. Qa5 (16. Rfc1 Bh6 17. Bxh6 Kxh6 $13) 16... Bh6 17. Bxh6 Kxh6 18. Qxd8 Rfxd8
19. Bd3 $1 {/\ Nge2 and the _|_ remains better for White because of >< a6 and
the passive B on b7.} Nb6 (19... Rdc8 20. Nge2 (20. Na4 $5 a5 21. b5 Nc5 22.
Nxc5 Rxc5 23. Ra3 {/\ Rfa1 ><a5}) 20... Nb6 21. Na4 $1 Nxa4 22. Rxa4 $14 {
Serper}) 20. Na4 $1 Nxa4 (20... Nfd7 $6 21. Nxb6 Nxb6 22. Rfc1 $16) 21. Rxa4
$14 {Serper-Murrey, North Bay 1997 70/526}) (8... Nbd7 $5) 9. e5 $1 {This is
again the thematic breakthrough in the [+].} (9. a3 $143 {is too passive and
allows Black to fight back in the [+].} bxc4 10. Bxc4 d5 11. exd5 cxd5 12. Be2
a5 {/\ Ba6} 13. Be3 Ba6 14. Bxa6 Rxa6 15. Rc1 Nc6 16. Na4 Nd7 17. Ne2 e6 {
The P structure is better for Black because of >< d4, and the e3 B has no
perspectives as well.} 18. h3 Qa8 19. Nc5 Nxc5 20. Rxc5 Rb8 21. Qd2 Rab6 22.
Rc2 a4 $15 {blockading the weakness on the b <->, Naumkin-Zlochevsky, Moscow
1994.}) (9. cxb5 axb5 10. b4 {is the slow positional approach.} Nbd7 11. a4 (
11. Bb2 Bb7 12. Qb3 Nb6 13. Rfd1 h5 14. Nf1 e6 15. Bc1 Nfd7 16. Be3 Na4 17. Nd2
e5 18. Nf3 Qe7 19. Rac1 Nxc3 20. Rxc3 exd4 21. Bxd4 $14 {Remlinger-Djurhuus,
Gausdal 1991}) 11... bxa4 $5 (11... e5 $6 {allows White to destroy the <<.} 12.
d5 cxd5 13. Nxb5 Nxe4 14. Nxe4 dxe4 15. Nxd6 Nf6 16. Be3 $16 {Serper-Schroer,
Philadelphia 1997})) 9... dxe5 {The _|_ looks simply better for White.} (9...
Ne8 $143 {leaves the N in a miserable position.} 10. f4 Nd7 11. Be3 Nc7 (11...
Bb7 12. c5 $1 $16 {increasing the space advantage on the <<.} Nc7 {The B on b7
has no future.} 13. exd6 exd6 14. cxd6 Nd5 15. Nxd5 cxd5 16. f5 Qb6 17. Qd2
Rfe8 18. Kh1 Qxd6 19. Bh6 Bh8 20. fxg6 hxg6 21. Rf4 Nf6 22. Raf1 Re7 23. Bg5
$16 {Miles-Nunn, Amsterdam 1985 40/741}) 12. Qd2 bxc4 13. Bxc4 Nb6 14. Bb3 a5
15. Na4 Ncd5 16. Rac1 Ba6 17. Rfd1 $14 {Barczay-Ivkov, Raach 1969}) (9... Nfd7
$5 10. f4 (10. exd6 {gives up White's stronghold on e5.} exd6 11. Bf4 Nb6 (
11... Nf6 12. Qd2 Re8 13. Rfe1 Bf8 14. Bg5 Nbd7 15. Qf4 $14 {G.Flear-Hamdouchi,
Toulouse 1996}) (11... Qf6 $5) 12. cxb5 axb5 {White's once mighty P [+] has
vanished.} 13. Qd2 f5 14. a3 Be6 15. Rfe1 Bf7 16. Bg5 Bf6 17. Bxf6 Qxf6 18. Qf4
Nd5 19. Nxd5 Bxd5 $11 {Naumkin-Hvenekilde, Copenhagen 1992}) 10... bxc4 11.
Bxc4 d5 12. Be2 e6 13. Be3 {White has a space advantage, but he cannot find
the right way.} a5 14. Na4 Ba6 15. Rc1 Qc7 16. Rc3 Rc8 17. Qc2 Bxe2 18. Nxe2
Nb6 19. Rc1 Nxa4 20. Qxa4 Ra6 $11 21. R1c2 Bf8 22. Nc1 Nd7 23. Nd3 Qb7 24. Rc1
$14 {1/2-1/2 Novikov-Wojtkiewicz, New York 1993 57/(560)}) 10. dxe5 Qxd1 (10...
Nfd7 11. f4 Nb6 12. c5 {and Black is doomed to passivity.} Nd5 13. Nce4 a5 14.
a3 Na6 15. Bd3 Nac7 16. Ng5 e6 17. Qe2 $16 {Serper-Levtchouk, North Bay 1998})
11. Rxd1 Ng4 (11... Nfd7 12. f4 f6 {is met by the typical} 13. e6 $1 Nc5 14. f5
$1 gxf5 (14... b4 15. Be3 $1 $16) 15. Nxf5 Bxe6 16. Nxe7+ Kf7 17. Bf4 Nb7 (
17... Kxe7 18. Bd6+ Kf7 19. Bxc5 $14) 18. Bxb8 Kxe7 19. Bf4 $14 {and White has
the active pieces and Black has the structural weaknesses.}) 12. f4 f6 (12...
g5 13. e6 $1 $16) 13. h3 Nh6 14. exf6 exf6 15. Nge4 (15. cxb5 axb5 16. Bf3 Ra6
17. Be3 Re8) 15... Nf7 (15... f5 16. Nd6 {wins the important ^^.} Nf7 17. Nxc8
Rxc8 18. Be3 $14 (18. Bf3 $14)) 16. Bf3 (16. c5 $5 {looks more to the point.}
f5 (16... Nd7 17. Bf3 f5 18. Nd6 Nxc5 19. Bxc6 Rb8 20. Be3 $14) 17. Nd6 Nxd6
18. cxd6 {with a strong o^.} Nd7 19. Bf3 Bb7 20. Be3 Rfe8 21. Kf2 Re6 22. Rd3
$14) 16... f5 17. Nc5 {Now Black can organize his counterplay against >< c4.}
Re8 18. Kh1 {This is not an easy move.} (18. Kf2 {looks more natural.} Bf8 (
18... Ra7 19. Be3 Rae7 20. Bd4 $14) 19. b4 bxc4 (19... Nd6 20. Nd5 $1 $16) 20.
Ba3 (20. Be3 a5) 20... Ra7 21. Rac1 $44) 18... Ra7 (18... bxc4 $5 {deserves
attention at least taking a P in the passive position.} 19. N3a4 Ra7) 19. Bd2 (
19. cxb5 {looks more precise.} axb5 20. Bd2) 19... Nd6 ({neglecting} 19... bxc4
20. Rac1 Nd6) 20. cxb5 axb5 21. Re1 Rae7 22. Rxe7 Rxe7 23. Re1 Kf8 (23... Kf7
$5) 24. b3 {White has still some activity in the _|_, but this cannot be
enough for a win.} Bd4 25. Nd3 Rxe1+ 26. Bxe1 c5 (26... Bd7 27. Ne2 $14 (27. a4
bxa4 28. bxa4 $14)) 27. b4 cxb4 (27... c4 $5 {was interesting:} 28. Ne5 (28.
Nc5 Na6 29. Nxa6 Bxa6) 28... Nd7 29. Nc6 Be3 30. Nd5 Bc1) 28. Ne2 Bf6 29. Bxb4
Be7 (29... Ke7 30. Nc3 Bxc3 31. Bxc3 $14 {^^}) 30. Nd4 Ne4 (30... Bd7 31. Ne5
Ke8 {was the passive defence.}) 31. Bxe7+ Kxe7 32. Nxb5 {White has won the P,
but Black has still counterchances.} Ba6 33. a4 Nd7 34. Kg1 Bxb5 (34... Ndc5
35. Nxc5 Nxc5 36. Nc3) 35. axb5 Nc3 (35... Kd6) 36. Bc6 Nb8 37. Kf2 Kd6 38. Ke3
(38. Ne5 Kc5) 38... Nxc6 39. bxc6 Kxc6 40. Kd4 Ne2+ 41. Ke5 h5 ({Why not simply
} 41... Ng3 $5) 42. h4 Ng3 {Why? [#] Hecht: Die Analyse der Schlussstellung
ist nicht einfach - der Gewinn fällt nicht einfach in den Schoß. Und so könnte
es gehen. Ich bitte um beinharte Nachprüfung.} (42... Ng3 43. Nb4+ $5 (43. Ke6
$6 {Hecht} Kb5 44. Ne5 Kc5 45. Nxg6 Kd4 46. Kf6 Ke4 47. Kg5 Kd5 48. Ne7+ Ke6
49. Ng8 Kf7 50. Nh6+ Ke6 51. Nxf5 Nxf5 52. Kxh5 Ne3 $11) 43... Kd7 44. Nd5 (44.
Kf6 {Hecht} Kd6 45. Kxg6 Kc5 46. Nd3+ Kd4 47. Ne5 Ke3 48. Kg5 Kf2 $11) 44...
Nf1 45. Kf6 Kd6 46. Ne7 Ng3 47. Nxg6 Kd5 48. Nf8 Ke4 49. Kg5 Ne2 50. Ng6 Ng3
51. Ne7 Ne2 52. Nxf5 Nxf4 53. Nd6+ Ke5 54. Nc4+ Ke4 55. Nd2+ Ke5 56. g3 Ne2 57.
Nf1 $18) 1-0

[Event "POL-ch 59th"]
[Site "Warsaw"]
[Date "2002.04.30"]
[Round "2"]
[White "Krasenkow, Michal"]
[Black "Kempinski, Robert"]
[Result "1-0"]
[WhiteElo "2641"]
[BlackElo "2570"]
[Annotator "Hazai,L"]
[PlyCount "119"]
[EventDate "2002.04.29"]
[EventType "tourn"]
[EventRounds "13"]
[EventCountry "POL"]
[EventCategory "10"]
[SourceTitle "CBM 089"]
[Source "ChessBase"]
[SourceDate "2002.08.12"]
[SourceVersion "1"]
[SourceVersionDate "2002.08.12"]
[SourceQuality "1"]

1. Nf3 Nf6 2. d4 g6 3. c4 Bg7 4. Nc3 O-O 5. e4 c6 6. Bd3 d6 ({White is well
prepared now against} 6... d5 {in view of} 7. e5 $1 $36) 7. O-O {In the King's
Indian the setup with c6 is usually not so impressive for Black.} Na6 (7... Bg4
{- Dautov-Wojtkiewicz, Bad Worishofen 1998 CBM 63}) 8. Re1 (8. e5 {- Van
Wely-Kempinski, BL 2000 CBM 82}) 8... Nc7 (8... Bg4 9. Be3 e5 10. d5 Nc5 11.
Bc2 cxd5 12. cxd5 Nfxe4 $6 {This small combination leads to a position with
good N versus bad B for White with a strong o^ d.} 13. Bxe4 f5 14. Bxc5 fxe4
15. Nxe4 Bxf3 16. gxf3 dxc5 17. d6 b6 18. Qd5+ Kh8 19. d7 Qe7 20. Rad1 $14 {
Bacrot-Kempinski, Leon 2001}) (8... e5 9. dxe5 dxe5 10. Nxe5 Nc5 11. Bc2 Qxd1
12. Rxd1 Re8 13. Nf3 $14 {still keeping the extra P.}) 9. h3 Ne6 (9... d5 10.
cxd5 cxd5 11. e5 $16 {is a favourable change of central the structure.}) 10.
Be3 Nd7 {Sophysticated N manoeuvres cannot misplace the fight for the [+] .}
11. Bc2 a6 (11... c5 12. d5 Nc7 13. Qd2 $16 {is excellent version of the
Benoni.}) 12. Qd2 Rb8 ({The -> on the flank by} 12... b5 {is countered by a
blow in the [+]:} 13. d5 cxd5 14. cxd5 Nc7 (14... Nec5 15. b4 $16) 15. b4 a5
16. a3 $16) 13. d5 {White gains more space in the [+], Black's pieces are
extremely passive.} Nc7 14. Bh6 {exchanging Black's only pride.} f6 {This is
certainly a very ugly move, but things were far from easy.} (14... c5 15. Bxg7
Kxg7 16. e5 $16) 15. Nh2 $5 (15. Bxg7 Kxg7 16. b4 c5 17. a3 $14 {and White's
real problem is which flank to prefer for his advance!}) 15... Bxh6 (15... Ne5
16. b3) 16. Qxh6 Ne5 17. b3 Ne8 (17... b5 $5 18. cxb5 (18. f4 Nf7) (18. dxc6
bxc4 19. bxc4 Nxc6) 18... Nxb5 19. Nxb5 Rxb5 20. dxc6 Nxc6 21. Bd3 $14) 18. Qe3
Bd7 19. f4 Nf7 20. Nf3 $14 e5 {otherwise Black will be pushed to the wall.} 21.
dxe6 Bxe6 22. f5 {White grabs the |^, but certainly this creates some
weaknesses in his own camp.} Bd7 23. Rad1 Kg7 24. c5 Qe7 (24... dxc5 25. Qxc5
$16) 25. b4 (25. Na4 Rd8 26. b4 $14) 25... Rd8 26. Bb3 Bc8 ({Black cannot make
use of the >< e5 by} 26... Ne5 $2 27. Nxe5 Qxe5 (27... dxe5 28. Qd3 $16) 28.
Na4 gxf5 $2 29. exf5 Qxe3+ 30. Rxe3 Bxf5 31. Re7+ Kg6 32. Rxb7 $18) 27. Bxf7
Rxf7 (27... Qxf7 $2 {allows the breakthrough in the [+].} 28. e5 $1 fxe5 29.
Nxe5 $16) 28. g4 dxc5 29. bxc5 Rxd1 30. Nxd1 Nc7 31. Nf2 $5 {White has
attacking plans on the >>.} (31. Nb2 {/\ Nc4 was the other strategy.} Rf8 32.
Nc4 $14) 31... Rf8 32. h4 {White's attacking plan on the >> gives Black good
counterchances.} gxf5 (32... Re8 $6 33. Qf4 $16) 33. gxf5 (33. exf5 $6 {
frees the c7 N after} Qxe3 34. Rxe3 Nd5 $11) 33... Kh8 34. Nd3 (34. Kh1 Rg8)
34... a5 35. Kf2 Na6 36. h5 Qf7 37. Nh4 Rd8 (37... Qxh5 $2 {is Danae's gift}
38. Rh1 $1 Kg8 39. Nf4 Qh6 40. Rh3 $18) (37... Qxa2+ {was the critical reply.}
38. Kf3 Rd8 $1 (38... Qf7 39. Qh6 Rd8 40. Ng6+ Kg8 41. Rg1 $1 Rxd3+ 42. Kf4 $18
) 39. Ng6+ Kg8 (39... hxg6 $2 40. Qh6+ Kg8 41. Qxg6+ Kf8 42. Qxf6+ Ke8 43. Qh8+
Kd7 44. Qg7+ Ke8 45. Ne5 $18) 40. Nge5 $1 (40. Ne7+ Kh8 41. Ng6+ $11) 40... Qb3
41. Rg1+ Kh8 42. Ng6+ Kg8 43. Nge5+ $11 {leads only to a draw!?}) 38. Ng6+ Kg7
$5 (38... hxg6 $2 {allows White a ferocious ->.} 39. hxg6 Qd7 (39... Qg7 40.
Rh1+ Kg8 41. Rh7 $18) 40. Rh1+ Kg8 41. Kg2 $1 Nb4 (41... Qxd3 $4 42. Rh8+ $18)
42. Nf2 $16) (38... Kg8 39. Nge5 Qxa2+ 40. Kf3 Qb3 {- 37...Qa2}) 39. h6+ Kg8 {
and the N is hanging again.} 40. Ngf4 Kh8 (40... Qxa2+ 41. Kf3 Kh8 42. Rg1 {
- 40...Kh8}) 41. Rg1 Nb4 $2 (41... Qxa2+ 42. Ne2 Qb3 $1 (42... Nb4 43. Nxb4
axb4 44. Rg7 {- 41...Nb4})) 42. Nxb4 axb4 43. Rg7 $1 $16 {This penetration
gives back White's advantage.} Qxa2+ (43... Qc4 44. Ne2 Rd3 45. Qf4 Qxc5+ 46.
Kg2 Re3 47. Rc7 Rxe2+ 48. Kf1 $16) 44. Ne2 Qc4 (44... Qd2 45. Qh3 $1 Qc2 46.
Qg3 Qxc5+ {- 42...Qc4}) 45. Qg3 $1 Qxc5+ 46. Ke1 $1 (46. Kg2 Qf8 47. Qc7 $16)
46... Qf8 47. Qc7 $18 {White has the absolut control of the 7-th rank, and
material losses are inevitable.} Rd7 48. Rxd7 Bxd7 49. Qxd7 b3 50. Nf4 b5 51.
Kd1 $1 b2 52. Kc2 b1=Q+ 53. Kxb1 Qb4+ 54. Kc2 Qxe4+ 55. Nd3 Qc4+ 56. Kb2 Qg8
57. Qd6 Qg2+ 58. Kc3 b4+ 59. Qxb4 Kg8 60. Qe7 1-0